LEADER 01357nam a2200289 4500 001 000000333637 003 CaOOAMICUS 005 20190527000000.0 008 190527s2018 vc 000 u ita r 040 $aSeMil$bita 100 0 $aFranciscus I,$c.$0(OLS)http://semarc/name/2737 245 10$aIncontri del Santo Padre francesco con seminaristi e sacerdoti dei Pontifici collegi e convitti di Roma :$b16 marzo 2018, 12 maggio 2014. 264 1$aCittà del Vaticano :$bTipografia Vaticana,$c2018. 300 $a49 p. ;$c20 cm 500 $aCon dedica sul front. 500 $aIn testa al front.: Congregazione per il clero 710 2 $aChiesa cattolica : Congregazione per il clero.$0(OLS)http://semarc/name/109493 850 $aSeMil 852 $aSeMil$W1$xVenegono$y1$m2A IV 487$j213602$B225928$CSeMilBibl$Z2$F225928 $81 900 1 $aBergoglio, Jorge Mario,$d<1936-2025>. 900 0 $aFrancesco I$c. 961 $aOmaggio - Brambilla don Paolo 996 $6245$aIncontri del Santo Padre francesco con seminaristi e sacerdoti dei Pontifici collegi e convitti di Roma :$b16 marzo 2018, 12 maggio 2014$9(OLS)http://semarc/title/423287 996 $6264$aCittà del Vaticano :$bTipografia Vaticana$9(OLS)http://semarc/publisher/32862 LEADER 00761nam a2200205 i 4500 001 000000085616 003 CaOOAMICUS 005 20180509000000.0 008 180509s1795 xx u000 u fre u 013 $a57856 026 $antea teez iset laEt (3) 1795 (F) 040 $aSeMil$bita 245 10$aTome 1. 300 $a[6], 350, [4] p. 773 0 $tHistoire des Suisses, traduite de l'Allemand de Jean Muller. Continuée par P. H. Mallet ... Tome 1. [-12.].$dA Lausanne en Suisse : Chez J. Mourer, An III. de la Rép. Fr. (1795)$g1$w()33293 850 $aSeMil 852 $aSeMil$W1$xVenegono$y1$m3V VII 221 FA$j49528$B49528$CSeMilBibl$Z2$F53215 $8I 941 1 $a10 961 $aRecupero: Mantegazza 996 $6245$aTome 1$9(OLS)http://semarc/title/1447